000 00456cam a22001575a 4500
001 J101039
008 000000s1934 xxk 000 0 eng u
035 _a(Sirsi) u101039
110 _aChartered Surveyors' Institution
_92274
245 _aHistory of coal mines and the valuation of collieries for rating purposes. January 1934.
260 _c1934
300 _a17p.
651 4 _aUnited Kingdom
_y
690 _aMinerals and waste
_96257
942 _n0
999 _c100001
_d100001